Skip to content
VuFind
Language
English
Español
Todo
Libros
eBooks
Revistas
Tesis
Audiovisual
Búsqueda Combinada
All Fields
Title
Author
Subject
Call Number
ISBN/ISSN
Tag
Find
Advanced
Violeta Parra
Cite this
Text this
Print
Export Record
Export to RefWorks
Export to EndNoteWeb
Export to EndNote
Permanent link
Violeta Parra
Holdings
Description
Preview
Similar Items
Staff View
MARC
LEADER
00000 a2200000 4500
040
|a
CL-VaUT
245
|a
Violeta Parra
336
|2
rdacontent
|a
text
|b
txt
337
|2
rdamedia
|a
unmediate
|b
n
338
|2
rdacarrier
|a
volume
|b
nc
999
|c
52642
|d
52642
Similar Items
Violeta Parra : poesía
by: Parra, Violeta 1917-1967
Published: (2018)
Violeta Parra : obra visual.
Published: (2012)
Violeta Parra : obra visual.
Published: (2007)
Violeta Parra : tres discos autorales
Published: (2018)
Violeta Parra : el canto de todos /
by: Stambuk M., Patricia 1951-
Published: (2011)